000 00363nam a2200133Ia 4500
005 20260326235439.0
008 260326s9999||||xx |||||||||||||| ||und||
100 _aMcCoy, Esther
245 0 _aModern California Houses :
_b Case study Houses 1945-1962 /
_cEsther McCoy
260 _bReinhold
300 _a215 p.
650 _aARQUITECTURA RESIDENCIAL
942 _cBK
999 _c7350
_d7350